000 00822nam a2200193Ia 4500
003 GCL
008 140319s9999 xx 000 0 ara d
040 _aGCL /
_cGCL
082 0 4 _aم
_b414
_bا ك
100 1 _aابراهيم اليازجى
245 1 0 _aكتاب نجعة الرائد وشرعة الوارد فى المترادف والمتوارد : معجم معان لاداء المفاهيم التى لا تحضرك الالفاظ الدقيقة عن التعبير عنها /
_cابراهيم اليازجى
700 1 _aنديم ال ناصرالدين
300 _a236 ص
490 _aماذا اعرف
_v0
650 0 4 _aاللغة العربية - الالفاظ
650 0 4 _aاللغة العربية - المعاجم
650 0 4 _aاللغة العربية - المصطلحات
942 _2ddc
_cREF
999 _c59642
_d59642